000 00295nam a22001217a 4500
020 _a978-81-89928-09-4
082 _a510
_bSHA/M
100 _aSHARMA, R D
245 _aMATHEMATICS
_bCLASS XI
260 _aDELHI
_bDHANPAT RAI PUBLICATIONS
_c2012
650 _aMATHS FOR CLASS XI
_zINDIA
942 _cBK
999 _c5348
_d5348